| 000 | 01733nam a2200229Ia 4500 | ||
|---|---|---|---|
| 003 | PE SENCICO BE | ||
| 005 | 20251020182425.0 | ||
| 008 | 200515s9999 xx 000 0 und d | ||
| 040 |
_aPE SENCICO BE _cPE SENCICO BE |
||
| 041 | _aspa | ||
| 082 |
_a516 _bA45R |
||
| 100 | 1 |
_aAlva Gallegos, Fernando _92150 _eautor |
|
| 245 | 1 | 0 |
_aGeometría contemporánea (curso integral) / _cFernando Alva Gallegos |
| 260 |
_aLima : _bSan Marcos ; _csin año |
||
| 300 |
_a1091 p. : _bil., tbl., graf. ; _c21 cm. |
||
| 505 | 0 | _aTérminos matemáticos -- Intersección de figuras planas -- Segmentos -- Angulos -- Triángulos -- Congruencia de tríangulos -- Polígonos -- Cuadriláteros -- Circunferencia -- Puntos notables de triángulos -- Líneas proporcionales -- Semejanza de triángulos -- Relaciones métricas en triángulos rectángulos -- Relaciones métricas en triángulos oblicuángulos -- Relaciones métricas en la circunferencia y potencia -- Polígonos regulares y longitud de la circunferencia -- Areas de las regiones planas -- Rectas y planos -- Rectas y planos. Perpendiculares -- Rectas y planos paralelos -- Angulos diedros -- Proyecciones en el espacio -- Simetría -- Angulos poliedros -- Poliedros -- Prisma y tronco de prisma -- Pirámide y tronco de prisma -- Pirámide y tronco de pirámide -- Cilindros y troncos de cilindros -- Cono y tronco de cono -- Esfera y teoremas de Pappus - Guldim -- Isometrías -- Introducción a la geometría analítica -- Vectores -- Máximos y mínimos en geometría -- Demostración de teoremas y propiedades en poliedros | |
| 650 | 1 | 0 |
_aGeometría _921 |
| 650 | 2 | 0 |
_aMatemáticas _92106 |
| 650 | 2 | 0 |
_aGeometría analítica _92105 |
| 650 | 2 | 0 |
_aTriángulo _92114 |
| 942 |
_cLIB _2ddc |
||
| 999 |
_c67 _d67 |
||